European Competence Standards for the Academic Training of Career Practitioners (Record no. 191045)

MARC details
000 -LEADER
fixed length control field 00573nmm a2200133Ia 4500
245 #0 - TITLE STATEMENT
Title European Competence Standards for the Academic Training of Career Practitioners
260 ## - PUBLICATION, DISTRIBUTION, ETC. (IMPRINT)
Place of publication Verlag Barbara Budrich
Year of publication 2016
650 ## - SUBJECT ADDED ENTRY--TOPICAL TERM
Topical Term career guidance and counselling
700 ## - ADDED ENTRY--PERSONAL NAME
Personal name Schiersmann, Christiane||Einarsdóttir, Sif||Katsarov, Johannes||Lerkkanen, Jukka||Mulvey, Rachel||Pukelis, Kestutis||Weber, Peter
856 ## - ELECTRONIC LOCATION AND ACCESS
Uniform Resource Identifier https://directory.doabooks.org/handle/20.500.12854/38471
942 ## - ADDED ENTRY ELEMENTS (KOHA)
Koha item type
Holdings
Withdrawn status Lost status Damaged status Not for loan Permanent Location Current Location Date acquired Price effective from Koha item type
        Library and Documentation Division NCERT Library and Documentation Division NCERT 11/20/2024 11/20/2024